Orang jahat tidak akan selamat

Bibliographic Details
Main Author: Fatimah Ahmad
Format: Book
Published: Kuala Lumpur : Pustaka Penamas , 1996
Series:Motivasi Minda
Subjects:

MARC

LEADER 00000cam a2200000 7i4500
001 0000009709
002 000010574
005 20000330.0
020 |a 9839210076 
090 0 0 |a JF   |b FAT 
100 0 |a Fatimah Ahmad 
245 1 0 |a Orang jahat tidak akan selamat   |c Fatimah Ahmad 
260 |a Kuala Lumpur :   |b Pustaka Penamas ,   |c 1996 
300 |a 31p. :   |b ill ;   |c 17cm. 
490 0 |a Motivasi Minda 
650 0 0 |a Children's stories, Malay 
999 |a 053907   |b BUKU   |c PINJAMAN   |e PERPUSTAKAAN KOMUNITI CAW KOTA DAMANSARA 
999 |a 053908   |b BUKU   |c PINJAMAN   |e PERPUSTAKAAN KOMUNITI CAW KOTA DAMANSARA